Carregant...
Integrated management system: a practical approach to transforming organizations
| Autor principal: | |
|---|---|
| Altres autors: | |
| Format: | Printed Book |
| Idioma: | Undetermined English |
| Publicat: |
New York
John Wiley and Sons ,Inc
1999
|
| Matèries: |
| LEADER | 00647nam a2200193Ia 4500 | ||
|---|---|---|---|
| 008 | 140306s9999 xx 000 0 und d | ||
| 020 | |a 0471345954 | ||
| 041 | |a eng | ||
| 082 | |a 658 |b LEE/IN | ||
| 100 | |a Lee, Thomas H | ||
| 245 | |a Integrated management system: a practical approach to transforming organizations | ||
| 260 | |a New York |b John Wiley and Sons ,Inc |c 1999 | ||
| 300 | |a 336 | ||
| 365 | |b Usd. 57.95 | ||
| 650 | |a Management information systems | ||
| 700 | |a Shiba, Shoji | ||
| 942 | |2 ddc |c BK | ||
| 999 | |c 178603 |d 178603 | ||
| 952 | |0 0 |1 0 |2 ddc |4 0 |6 658_000000000000000_LEE_IN |7 0 |9 183619 |a KAUCBV |b KAUCBV |g 57.95 |o 658 LEE/IN |r 2014-03-22 |w 2014-03-22 |y BK | ||